Ipor favor, vuelve a casa! /
Guardado en:
| Autor Principal: | |
|---|---|
| Formato: | Libro |
| Publicado: |
Colombia :
Norma,
1994
|
| Series: | Torre de papel
|
| Materias: | |
| Etiquetas: |
Agregar Etiqueta
Sin Etiquetas, Sea el primero en etiquetar este registro!
|
| LEADER | 00649nam a22002295a 4500 | ||
|---|---|---|---|
| 001 | CEM.cems017625 | ||
| 005 | 20110704120305.0 | ||
| 008 | 130507s1994##################000#0#####d | ||
| 003 | CEMS | ||
| 020 | |a 9580423792 | ||
| 082 | 0 | 4 | |a 833.9 |
| 100 | 1 | |a Nostlinger, Christine | |
| 245 | 1 | 0 | |a Ipor favor, vuelve a casa! / |c Christine Nostlinger |
| 260 | |a Colombia : |b Norma, |c 1994 | ||
| 300 | |a 174 p. | ||
| 490 | 0 | |a Torre de papel | |
| 500 | |a Para jóvenes adultos | ||
| 653 | |a Literatura | ||
| 653 | |a Literatura austriaca | ||
| 653 | |a Literatura juvenil | ||
| 653 | |a Narrativa austriaca | ||
| 859 | |a CEMS |b BIB. CEMS - Agricultura |h 833.9 |i N842 |p A1395.11 |t Ej.1 | ||
